Introduction to Machine Learning (Record no. 10733)

MARC details
000 -LEADER
fixed length control field 00387nam a22001697a 4500
003 - CONTROL NUMBER IDENTIFIER
control field OSt
008 - FIXED-LENGTH DATA ELEMENTS--GENERAL INFORMATION
fixed length control field 210723b ||||| |||| 00| 0 eng d
020 ## - INTERNATIONAL STANDARD BOOK NUMBER
International Standard Book Number 9788120350786
082 ## - DEWEY DECIMAL CLASSIFICATION NUMBER
Classification number 006.31 ALI
100 ## - MAIN ENTRY--PERSONAL NAME
Personal name ALPAYDIN,Ethem
245 ## - TITLE STATEMENT
Title Introduction to Machine Learning
250 ## - EDITION STATEMENT
Edition statement 3rd Ed.
260 ## - PUBLICATION, DISTRIBUTION, ETC. (IMPRINT)
Place of publication, distribution, etc New Delhi
Name of publisher, distributor, etc PHI
Date of publication, distribution, etc 2014
300 ## - PHYSICAL DESCRIPTION
Extent 613
650 ## - SUBJECT ADDED ENTRY--TOPICAL TERM
Topical term or geographic name as entry element AIML
942 ## - ADDED ENTRY ELEMENTS (KOHA)
Source of classification or shelving scheme Dewey Decimal Classification
Koha item type Text Books
Holdings
Withdrawn status Lost status Source of classification or shelving scheme Damaged status Not for loan Collection code Home library Current library Date acquired Source of acquisition Currency Cost, normal purchase price Bill Number Total Checkouts Full call number Acc. no. / Barcode Date last seen Date last borrowed Actual Cost, discounted price Bill Date Koha item type Checked out
    Dewey Decimal Classification     Computer Science and Engineering in AI & Machine Learning PIET C-LIBRARY PIET C-LIBRARY 08/07/2021 Techniz Book International IN Rupees 695.00 INT/212210093 1 006.31 ALI 33107 16/02/2022 16/02/2022 521.25 08/07/2021 Text Books  
    Dewey Decimal Classification     Computer Science and Engineering in AI & Machine Learning PIET C-LIBRARY PIET C-LIBRARY 08/07/2021 Techniz Book International IN Rupees 695.00 INT/212210093 3 006.31 ALI 33108 15/05/2025 15/05/2025 521.25 08/07/2021 Text Books 01/12/2025
    Dewey Decimal Classification     Computer Science and Engineering in AI & Machine Learning PIET C-LIBRARY PIET C-LIBRARY 08/07/2021 Techniz Book International IN Rupees 695.00 INT/212210093   006.31 ALI 33109 23/07/2021   521.25 08/07/2021 Text Books  
    Dewey Decimal Classification     Computer Science and Engineering in AI & Machine Learning PIET C-LIBRARY PIET C-LIBRARY 08/07/2021 Techniz Book International IN Rupees 695.00 INT/212210093 3 006.31 ALI 33110 09/03/2026 09/03/2026 521.25 08/07/2021 Text Books 25/09/2026

Design & Developed by: PIET Central Library
R70 Miles Stone Pattikalyana Samalkha Panipat 132102
mail ID :- [email protected], Phone No:- 0180-2569700 Ex.216